000 00695nam a2200217 a 4500
005 20241203063746.0
008 090423s2005 mx r 000 0 spa d
020 _a8449317258
035 _aUPN01000170304
049 _aCG
050 4 _aHM554
_bJ6.3
100 1 _aJoas, Hans
245 1 0 _aGuerra y modernidad :
_bestudios sobre la historia de la violencia en el siglo XX /
_cHans Joas ; tr. Bernardo Moreno.
260 _aBarcelona, Esp. :
_bPaidós,
_cc2005.
300 _a292 p.
440 0 _aPaidós estado y sociedad ;
_v130
534 _pTítulo original:
_tKriege und werte
650 4 _aGuerra y sociedad
_911311
650 4 _aHISTORIA MODERNA -
_ySIGLO XX
_914204
905 _aLibro
999 _c142409
_d142409